State child-labor standards: a state-by- state summary of laws affecting the employment of minors under 18 years of age (Record no. 495900)

000 -LEADER
fixed length control field 00428cam a22001097a 4500
008 - FIXED-LENGTH DATA ELEMENTS--GENERAL INFORMATION
fixed length control field 180718b1960 xxu||||| |||| 00| 0 eng d
082 ## - DEWEY DECIMAL CLASSIFICATION NUMBER
Classification number R1703x73 Un3
245 ## - TITLE STATEMENT
Title State child-labor standards: a state-by- state summary of laws affecting the employment of minors under 18 years of age
Statement of responsibility, etc. by Department of Labor, U.S.
260 ## - PUBLICATION, DISTRIBUTION, ETC.
Place of publication, distribution, etc. Washington
Name of publisher, distributor, etc. Governemnt Printing Press
Date of publication, distribution, etc. 1960
300 ## - PHYSICAL DESCRIPTION
Extent 210+p.
700 ## - ADDED ENTRY--PERSONAL NAME
Personal name U.S. Department of Labor
Holdings
Withdrawn status Lost status Damaged status Not for loan Permanent Location Current Location Date acquired Full call number Barcode Date last seen Price effective from Koha item type
        Indian Institute of Public Administration Indian Institute of Public Administration 2018-08-04 R1703x73 Un3 GG33210 2018-08-04 2018-08-04 GG

Powered by Koha